00835nam a22002171 450000100060000000300080000600500170001400800410003103500190007204000320009104100080012308200220013110000340015324502190018726000420040630000340044850000280048250400200051061000320053065100550056228001BD-RjUL20211209051227.0140329r19691898nyuc 001 0 eng  a(BD-RjUL)28082 aDLCcDLCdDLCdBD-RjULbeng aeng00a975.502bBRF 19691 aBrown, Alexander,d1843-1906.14aThe first republic in America :ban account of the origin of this Nation, written from the records then (1624) concealed by the Council, rather than from the histories then licensed by the Crown /cAlexander Brown. aNew York :bRussell & Russell,c1969. axxiv, 688 p. :bport.c22 cm. aReprint of the 1898 ed. aIncludes index.20aVirginia Company of London. 0aVirginiaxHistoryyColonial period, ca. 1600-1775.